แผนการลงทุนด้านการขนส่งและจราจรของกระทรวงคมนาคม พ.ศ. 2554-2563 (ระเบียนเลขที่ 63306)
| 000 -LEADER | |
|---|---|
| fixed length control field | 01267nam a22002057a 4500 |
| 005 - DATE AND TIME OF LATEST TRANSACTION | |
| control field | 20240724233246.0 |
| 008 - FIXED-LENGTH DATA ELEMENTS--GENERAL INFORMATION | |
| fixed length control field | s2554 th ||||| |||| 00| 0 tha d |
| 050 ## - LIBRARY OF CONGRESS CALL NUMBER | |
| Classification number | HE273.55 ค149ผ 2554 |
| 245 10 - TITLE STATEMENT | |
| Title | แผนการลงทุนด้านการขนส่งและจราจรของกระทรวงคมนาคม พ.ศ. 2554-2563 |
| 260 3# - PUBLICATION, DISTRIBUTION, ETC. | |
| Place of publication, distribution, etc. | กรุงเทพฯ : |
| Name of publisher, distributor, etc. | สำนักงานนโยบายและแผนการขนส่งและจราจร กระทรวงคมนาคม, |
| Date of publication, distribution, etc. | 2554 |
| 300 ## - PHYSICAL DESCRIPTION | |
| Extent | 1 เล่ม : |
| Other physical details | ตาราง, แผนที่ ; |
| Dimensions | 29 ซม. |
| 610 ## - SUBJECT ADDED ENTRY--CORPORATE NAME | |
| Corporate name or jurisdiction name as entry element | กระทรวงคมนาคม. สำนักงานนโยบายและแผนการขนส่งและจราจร |
| 650 04 - SUBJECT ADDED ENTRY--TOPICAL TERM | |
| Topical term or geographic name entry element | กระทรวงคมนาคม -- การวางแผน -- วิจัย |
| 650 04 - SUBJECT ADDED ENTRY--TOPICAL TERM | |
| Topical term or geographic name entry element | กระทรวงคมนาคม -- วิจัย |
| 850 ## - HOLDING INSTITUTION | |
| Holding institution | NALT |
| 942 ## - ADDED ENTRY ELEMENTS (KOHA) | |
| Koha item type | Research/Thesis |
| Koha issues (borrowed), all copies | 2 |
| 997 ## - | |
| -- | บ23733 |
| 997 ## - | |
| -- | 000000000063306 |
| 998 ## - LOCAL CONTROL INFORMATION (RLIN) | |
| -- | นางสุกัญญา กัลยา |
| -- | 8 |
| -- | บัณฑิต อุทาวงค์ |
| Withdrawn status | Lost status | Damaged status | Not for loan | Collection code | Home library | Current library | Date acquired | Source of acquisition | Total Checkouts | Full call number | Barcode | Date last seen | Date last checked out | Price effective from | Koha item type |
|---|---|---|---|---|---|---|---|---|---|---|---|---|---|---|---|
| Research & Theses collection | National Assembly Library of Thailand | National Assembly Library of Thailand | 30/12/2021 | บริจาค | 2 | ว HE273.55 ค149ผ 2554 | 3961184488 | 19/01/2022 | 07/01/2022 | 09/06/2017 | Research/Thesis |
